[Event "Sao Paulo-chT"]
[Site "Sao Paulo"]
[Date "2019.02.23"]
[Round "2.4"]
[White "Lima, Kleyton Alcantara"]
[Black "Suardi, Roberto Jr"]
[Result "1/2-1/2"]
[WhiteElo "1600"]
[BlackElo "2249"]
[PlyCount "71"]
[EventDate "2019.02.23"]
[EventType "team-tourn"]
[EventRounds "7"]
[EventCountry "BRA"]
[SourceTitle "CBM 189 Extra"]
[Source "ChessBase"]
[SourceDate "2019.06.03"]
[SourceVersion "1"]
[SourceVersionDate "2019.06.03"]
[SourceQuality "1"]
[WhiteTeam "Espaco Xadrez Total"]
[BlackTeam "Pinheiros"]
[WhiteTeamCountry "BRA"]
[BlackTeamCountry "BRA"]

1. e4 Nf6 2. e5 Nd5 3. d4 d6 4. Nf3 Bg4 5. Bc4 e6 6. 0-0 Nb6 7. Be2 d5 8. Be3 Be7 9. Nbd2 N8d7 10. c4 dxc4 11. Nxc4 Nxc4 12. Bxc4 Nb6 13. Be2 c6 14. Qb3 Qd5 15. Qc2 Rd8 16. Rad1 Qd7 17. Bd3 g6 18. Be2 Nd5 19. h3 Bf5 20. Qc1 Nxe3 21. fxe3 h5 22. Nd2 g5 23. g4 hxg4 24. hxg4 Bg6 25. Bf3 Kf8 26. Ne4 Qc7 27. Qd2 Kg7 28. Qf2 Bxe4 29. Bxe4 Rdf8 30. Rd2 Rh6 31. Qg3 Qd8 32. Rh2 Rfh8 33. Rhf2 Rf8 34. Rh2 Rfh8 35. Rhf2 Rf8 36. Rh2 1/2-1/2

[Event "Titled Tuesday intern op1 1st Jan"]
[Site "Chess.com INT"]
[Date "2016.01.05"]
[Round "1"]
[White "Leiva Rodriguez, Jeammarco Giuseppe"]
[Black "Suardi, Roberto Jr"]
[Result "1-0"]
[WhiteElo "2384"]
[BlackElo "2249"]
[PlyCount "47"]
[EventDate "2016.01.05"]
[EventType "swiss (blitz)"]
[EventRounds "9"]
[EventCountry "USA"]
[SourceTitle "EXT 2021"]
[Source "ChessBase"]
[SourceDate "2020.10.23"]
[SourceVersion "1"]
[SourceVersionDate "2020.10.23"]
[SourceQuality "1"]

1. d4 Nf6 2. Nf3 c5 3. c4 cxd4 4. Nxd4 Nc6 5. Nc2 d6 6. Nc3 g6 7. g3 Bg7 8. Bg2 Bd7 9. 0-0 0-0 10. b3 Rc8 11. Bb2 a6 12. Rc1 h5 13. Nd5 Nxd5 14. Bxg7 Kxg7 15. cxd5 Ne5 16. Qd4 Kg8 17. h3 Qa5 18. f4 Qxa2 19. Ne3 Rxc1 20. Rxc1 Qxe2 21. fxe5 dxe5 22. Qxe5 e6 23. Ng4 hxg4 24. Qxe2 1-0

[Event "Paulista-chT Interclubes"]
[Site "Sao Paulo"]
[Date "2013.02.??"]
[Round "5"]
[White "Borges, Guilherme Deola"]
[Black "Suardi, Roberto Jr"]
[Result "1/2-1/2"]
[WhiteElo "2146"]
[BlackElo "2251"]
[PlyCount "133"]
[EventDate "2013.02.25"]
[EventType "team-tourn"]
[EventRounds "7"]
[EventCountry "BRA"]
[SourceTitle "EXT 2022"]
[Source "ChessBase"]
[SourceDate "2021.10.06"]
[SourceVersion "1"]
[SourceVersionDate "2021.10.06"]
[SourceQuality "1"]
[WhiteTeam "Circulo Militar"]
[BlackTeam "Rio Preto AC"]
[WhiteTeamCountry "BRA"]
[BlackTeamCountry "BRA"]

1. d4 Nf6 2. c4 c5 3. d5 e5 4. Nc3 d6 5. e4 Be7 6. Bd3 Nbd7 7. Nf3 Nf8 8. a3 Ng6 9. b4 b6 10. 0-0 h5 11. Ne1 h4 12. Bc2 Nh5 13. Ba4+ Kf8 14. Bc6 Rb8 15. Rb1 Ba6 16. Nb5 Nhf4 17. Nd3 Bxb5 18. cxb5 Bg5 19. Nb2 Qf6 20. bxc5 bxc5 21. Nc4 Rh6 22. b6 axb6 23. Rxb6 Qd8 24. Rxb8 Qxb8 25. Qg4 Be7 26. g3 Nd3 27. Bxh6 gxh6 28. Ne3 Bg5 29. Nf5 h3 30. Qxh3 c4 31. Nxh6 c3 32. Nxf7 Kxf7 33. Qh7+ Kf6 34. h4 c2 35. h5 Ne7 36. f4 exf4 37. gxf4 Nxf4 38. e5+ dxe5 39. Qxc2 Nf5 40. Bd7 Qa7+ 41. Kh2 Qxd7 42. Qc6+ Qd6 43. a4 e4 44. a5 Ke5 45. a6 Qxc6 46. dxc6 Nd5 47. a7 Nc7 48. Rb1 Be3 49. Rb5+ Ke6 50. Ra5 Ne7 51. a8Q Nxa8 52. Rxa8 Nxc6 53. Kg3 Kd5 54. Re8 Nd4 55. Kg4 Ne6 56. Rh8 Ke5 57. h6 Bxh6 58. Rxh6 Nc5 59. Kg3 Kd4 60. Kf2 Nd3+ 61. Ke2 Nf4+ 62. Ke1 Ke3 63. Rh8 Ng2+ 64. Kf1 Nf4 65. Rf8 Kf3 66. Ke1 Ke3 67. Kf1 1/2-1/2

[Event "Itapetininga IM 4th"]
[Site "Itapetininga"]
[Date "2012.11.08"]
[Round "9"]
[White "Crosa Coll, Martin"]
[Black "Suardi, Roberto Jr"]
[Result "1-0"]
[WhiteElo "2352"]
[BlackElo "2251"]
[PlyCount "93"]
[EventDate "2012.11.04"]
[EventType "tourn"]
[EventRounds "10"]
[EventCountry "BRA"]
[EventCategory "3"]
[SourceTitle "EXT 2014"]
[Source "ChessBase"]
[SourceDate "2013.11.20"]
[SourceVersion "1"]
[SourceVersionDate "2013.11.20"]
[SourceQuality "1"]

1. e4 Nf6 2. Nc3 d5 3. exd5 Nxd5 4. Bc4 Nb6 5. Bb3 Bf5 6. Qf3 Qc8 7. Nb5 e6 8. Qg3 Na6 9. Nf3 Qd7 10. Nbd4 Bg6 11. d3 Be7 12. Be3 0-0 13. Ne5 Qd6 14. Nxg6 hxg6 15. c3 e5 16. Nf3 Qxd3 17. Nxe5 Qe4 18. Nxg6 Bd6 19. Nf4 Nc4 20. 0-0-0 Nxe3 21. fxe3 Nc5 22. Bc2 Bxf4 23. Qxf4 Qxf4 24. exf4 Rad8 25. Rxd8 Rxd8 26. Rd1 Rxd1+ 27. Kxd1 Kf8 28. Ke2 Ke7 29. g4 b6 30. h4 Nd7 31. Kf3 a5 32. Be4 Nc5 33. b3 f6 34. h5 Ne6 35. Bd5 Nf8 36. g5 fxg5 37. fxg5 Kd6 38. Be4 Ne6 39. Kg4 Ke5 40. Bc2 b5 41. Bf5 Nc5 42. h6 gxh6 43. gxh6 Kf6 44. h7 Kg7 45. Kf4 b4 46. cxb4 axb4 47. Ke5 1-0

[Event "Torre de Pedra 1st"]
[Site "Torre de Pedra"]
[Date "2012.08.26"]
[Round "17"]
[White "Milanelo, Carlos Alberto"]
[Black "Suardi, Roberto Jr"]
[Result "0-1"]
[WhiteElo "1655"]
[BlackElo "2230"]
[PlyCount "64"]
[EventDate "2012.07.28"]
[EventType "tourn"]
[EventRounds "18"]
[EventCountry "BRA"]
[SourceTitle "EXT 2013"]
[Source "ChessBase"]
[SourceDate "2012.11.22"]
[SourceVersion "1"]
[SourceVersionDate "2012.11.22"]
[SourceQuality "1"]

1. Nf3 d5 2. e3 Bg4 3. Be2 Nf6 4. d4 e6 5. Nbd2 Bd6 6. a3 0-0 7. h3 Bh5 8. Ne5 Bxe2 9. Qxe2 c5 10. 0-0 Qc7 11. Ndf3 cxd4 12. exd4 Nc6 13. Nxc6 bxc6 14. c3 Rfb8 15. Re1 Ne4 16. Nd2 Nxd2 17. Qxd2 Rb3 18. Rd1 Rab8 19. Qg5 c5 20. dxc5 Bxc5 21. Ra2 Bd6 22. Qg4 Bh2+ 23. Kh1 Be5 24. Qe2 a5 25. Be3 a4 26. Bd4 Bd6 27. Qa6 Rxb2 28. Rxb2 Rxb2 29. Qa8+ Qb8 30. Qxa4 Rb1 31. Be3 Rxd1+ 32. Qxd1 Bxa3 0-1

[Event "Torre de Pedra 1st"]
[Site "Torre de Pedra"]
[Date "2012.08.25"]
[Round "15"]
[White "Suardi, Roberto Jr"]
[Black "Jaque, Angelica Goncalves"]
[Result "1-0"]
[WhiteElo "2230"]
[BlackElo "1714"]
[PlyCount "53"]
[EventDate "2012.07.28"]
[EventType "tourn"]
[EventRounds "18"]
[EventCountry "BRA"]
[SourceTitle "EXT 2013"]
[Source "ChessBase"]
[SourceDate "2012.11.22"]
[SourceVersion "1"]
[SourceVersionDate "2012.11.22"]
[SourceQuality "1"]

1. Nf3 e6 2. b3 d5 3. Bb2 Nf6 4. e3 Be7 5. Be2 0-0 6. 0-0 b6 7. c4 Bb7 8. d4 c6 9. Nc3 Nbd7 10. Qc2 Rc8 11. Rad1 dxc4 12. bxc4 b5 13. c5 a5 14. Bd3 b4 15. Ne4 h6 16. Nxf6+ Nxf6 17. Ne5 Nd7 18. f4 Qc7 19. Qe2 Rcd8 20. Bc2 Nxe5 21. fxe5 f5 22. exf6 Bxf6 23. Qg4 Qe7 24. Qg6 e5 25. Qh7+ Kf7 26. Bb3+ Rd5 27. dxe5 1-0

[Event "Torre de Pedra 1st"]
[Site "Torre de Pedra"]
[Date "2012.08.18"]
[Round "11"]
[White "Suardi, Roberto Jr"]
[Black "Da Silva Fo, Paulo Calixto"]
[Result "1-0"]
[WhiteElo "2230"]
[BlackElo "1862"]
[PlyCount "115"]
[EventDate "2012.07.28"]
[EventType "tourn"]
[EventRounds "18"]
[EventCountry "BRA"]
[SourceTitle "EXT 2013"]
[Source "ChessBase"]
[SourceDate "2012.11.22"]
[SourceVersion "1"]
[SourceVersionDate "2012.11.22"]
[SourceQuality "1"]

1. Nf3 Nf6 2. b3 d5 3. Bb2 c5 4. e3 Bg4 5. Be2 Nc6 6. 0-0 Bxf3 7. Bxf3 e5 8. c4 d4 9. Re1 Be7 10. Bxc6+ bxc6 11. exd4 exd4 12. Qe2 Qd7 13. Na3 Rb8 14. Rad1 Rb7 15. Qd3 0-0 16. Re2 Bd6 17. Rde1 Nh5 18. g3 Nf6 19. Nc2 Re8 20. Rxe8+ Nxe8 21. Ba3 Nf6 22. Re2 Rb8 23. f3 Re8 24. Rxe8+ Nxe8 25. Ne1 Nf6 26. Qe2 a6 27. Nd3 Qf5 28. Kg2 h6 29. Bb2 Qg5 30. Nf2 Qe5 31. Qxe5 Bxe5 32. Ne4 Nxe4 33. fxe4 g6 34. Kf3 f6 35. h4 Kf7 36. g4 g5 37. h5 Ke6 38. d3 Bf4 39. Ba3 Kd6 40. Ke2 Be5 41. Bc1 Bg3 42. Bd2 Be5 43. Ba5 Bf4 44. Kd1 Be5 45. a3 Bf4 46. Bb6 Be3 47. b4 cxb4 48. axb4 Ke6 49. Kc2 Ke5 50. Bc7+ Ke6 51. Kb3 Bf4 52. Bd8 Ke5 53. c5 Bc1 54. Bc7+ Ke6 55. Kc4 Be3 56. Bd6 Kf7 57. e5 fxe5 58. Bxe5 1-0

[Event "Itapetininga ITT"]
[Site "Itapetininga"]
[Date "2011.11.11"]
[Round "10"]
[White "Suardi, Roberto Jr"]
[Black "Barreto Filho, Carlos Alberto"]
[Result "0-1"]
[WhiteElo "2239"]
[BlackElo "2307"]
[PlyCount "73"]
[EventDate "2011.11.05"]
[EventType "tourn"]
[EventRounds "10"]
[EventCountry "BRA"]
[EventCategory "4"]
[SourceTitle "EXT 2013"]
[Source "ChessBase"]
[SourceDate "2012.11.22"]
[SourceVersion "1"]
[SourceVersionDate "2012.11.22"]
[SourceQuality "1"]

1. Nf3 g6 2. b3 Bg7 3. d4 c5 4. Bb2 Nc6 5. e3 cxd4 6. Nxd4 Nxd4 7. Bxd4 Bxd4 8. Qxd4 Nf6 9. Be2 0-0 10. 0-0 d6 11. Nd2 Bf5 12. c4 b6 13. Bf3 Rc8 14. Ne4 Nxe4 15. Bxe4 Bxe4 16. Qxe4 Qd7 17. Rfd1 Rfe8 18. Rd4 b5 19. cxb5 Qxb5 20. Rad1 Qe2 21. Qd3 Qxa2 22. Ra4 Qc2 23. Qxc2 Rxc2 24. Rxa7 Rb8 25. Rxe7 Rxb3 26. g3 Kf8 27. Ra7 Rbb2 28. Rf1 Rd2 29. Kg2 d5 30. h4 d4 31. exd4 Rxd4 32. Kf3 Kg7 33. Ra3 Rbd2 34. Kg2 Re4 35. Rc1 Ree2 36. Rf3 h5 37. Rc7 0-1

[Event "Itapetininga ITT"]
[Site "Itapetininga"]
[Date "2011.11.09"]
[Round "7"]
[White "Suardi, Roberto Jr"]
[Black "Crosa Coll, Martin"]
[Result "1/2-1/2"]
[WhiteElo "2239"]
[BlackElo "2383"]
[PlyCount "72"]
[EventDate "2011.11.05"]
[EventType "tourn"]
[EventRounds "10"]
[EventCountry "BRA"]
[EventCategory "4"]
[SourceTitle "EXT 2013"]
[Source "ChessBase"]
[SourceDate "2012.11.22"]
[SourceVersion "1"]
[SourceVersionDate "2012.11.22"]
[SourceQuality "1"]

1. Nf3 Nf6 2. b3 g6 3. Bb2 Bg7 4. e3 0-0 5. c4 d6 6. d4 e5 7. dxe5 Ng4 8. Nc3 Nxe5 9. Be2 Nxf3+ 10. Bxf3 Nc6 11. 0-0 Re8 12. Qd2 Bf5 13. Rad1 Ne5 14. Bxb7 Rb8 15. Ba6 Bd3 16. Ne2 Bxc4 17. Bxe5 Bxe2 18. Bxe2 Bxe5 19. Rc1 c5 20. Rfd1 Rb4 21. Rxc5 Bxh2+ 22. Kf1 Rh4 23. Bb5 Re5 24. Rxe5 Bxe5 25. f4 Rh1+ 26. Ke2 Rxd1 27. Qxd1 Bf6 28. Bc4 h5 29. Qd5 Qe7 30. g3 Kg7 31. b4 h4 32. g4 h3 33. g5 Bc3 34. b5 Bb4 35. Qd4+ Kh7 36. Qd5 Kg7 1/2-1/2

[Event "Itapetininga ITT"]
[Site "Itapetininga"]
[Date "2011.11.08"]
[Round "4"]
[White "Suardi, Roberto Jr"]
[Black "Blit, Jacques"]
[Result "1/2-1/2"]
[WhiteElo "2239"]
[BlackElo "2310"]
[PlyCount "32"]
[EventDate "2011.11.05"]
[EventType "tourn"]
[EventRounds "10"]
[EventCountry "BRA"]
[EventCategory "4"]
[SourceTitle "EXT 2013"]
[Source "ChessBase"]
[SourceDate "2012.11.22"]
[SourceVersion "1"]
[SourceVersionDate "2012.11.22"]
[SourceQuality "1"]

1. Nf3 Nf6 2. g3 d5 3. Bg2 Bf5 4. c4 c6 5. cxd5 cxd5 6. Qb3 Qb6 7. Nc3 e6 8. d3 Qxb3 9. axb3 Nc6 10. 0-0 Be7 11. Be3 0-0 12. Nd4 Bg6 13. Nxc6 bxc6 14. Rxa7 Rxa7 15. Bxa7 Ra8 16. Be3 Rb8 1/2-1/2

[Event "Sao Jose do Rio Preto SMEL"]
[Site "Sao Jose do Rio Preto"]
[Date "2011.09.25"]
[Round "7"]
[White "Suardi, Roberto Jr"]
[Black "Gattass, Allan Arriada"]
[Result "1-0"]
[WhiteElo "2219"]
[BlackElo "2307"]
[PlyCount "103"]
[EventDate "2011.09.21"]
[EventType "tourn"]
[EventRounds "11"]
[EventCountry "BRA"]
[SourceTitle "EXT 2022"]
[Source "ChessBase"]
[SourceDate "2021.10.06"]
[SourceVersion "1"]
[SourceVersionDate "2021.10.06"]
[SourceQuality "1"]

1. Nf3 Nc6 2. b3 e5 3. Bb2 e4 4. Nd4 Nxd4 5. Bxd4 d5 6. e3 Nf6 7. Be2 Bd6 8. d3 0-0 9. Nd2 Bf5 10. dxe4 Nxe4 11. 0-0 Qh4 12. Nf3 Qh6 13. c4 c5 14. Bb2 dxc4 15. Bxc4 Bg4 16. h3 Bxf3 17. Qxf3 Rae8 18. Rad1 Qg6 19. Bd5 Ng5 20. Qg4 h5 21. Qc4 Nxh3+ 22. Kh1 Ng5 23. Bxb7 Be7 24. Rd7 Qf5 25. Bc6 Rc8 26. Bb5 a6 27. Ba4 Bf6 28. Bxf6 Qxf6 29. Rd5 Rfd8 30. Rfd1 Rxd5 31. Rxd5 Nh7 32. Kg1 Qa1+ 33. Qf1 Qxf1+ 34. Kxf1 Nf6 35. Rd6 Ra8 36. Bc6 Ra7 37. Bf3 h4 38. Rc6 Nd7 39. Be2 Kf8 40. Rxa6 Rxa6 41. Bxa6 Ke7 42. a4 Ne5 43. Bb5 g5 44. f4 gxf4 45. exf4 Ng4 46. a5 Ne3+ 47. Kf2 Nd5 48. a6 Kd6 49. a7 Nb6 50. Bd3 Kd5 51. Ke3 f6 52. a8Q+ 1-0

[Event "Sao Jose do Rio Preto SMEL"]
[Site "Sao Jose do Rio Preto"]
[Date "2011.09.24"]
[Round "5"]
[White "Suardi, Roberto Jr"]
[Black "Crosa Coll, Martin"]
[Result "1/2-1/2"]
[WhiteElo "2219"]
[BlackElo "2354"]
[PlyCount "65"]
[EventDate "2011.09.21"]
[EventType "tourn"]
[EventRounds "11"]
[EventCountry "BRA"]
[SourceTitle "EXT 2022"]
[Source "ChessBase"]
[SourceDate "2021.10.06"]
[SourceVersion "1"]
[SourceVersionDate "2021.10.06"]
[SourceQuality "1"]

1. Nf3 Nf6 2. b3 g6 3. Bb2 Bg7 4. e3 0-0 5. c4 d6 6. d4 e5 7. dxe5 Ng4 8. Be2 Nc6 9. Nc3 Ncxe5 10. Nxe5 Nxe5 11. 0-0 Be6 12. Qd2 f5 13. f4 Nf7 14. Bf3 c6 15. Rad1 Qa5 16. Rfe1 Rfe8 17. e4 Rad8 18. Re2 b5 19. cxb5 cxb5 20. exf5 Bxf5 21. Rxe8+ Rxe8 22. Nd5 Qxd2 23. Rxd2 Bxb2 24. Rxb2 Kg7 25. Kf2 Rc8 26. g3 Rc1 27. b4 Be6 28. Re2 Bh3 29. Ne3 Be6 30. Bd5 Bxd5 31. Nxd5 h6 32. Ne3 Rb1 33. Nd5 1/2-1/2

[Event "Itapetininga Krapf Memorial"]
[Site "Itapetininga"]
[Date "2010.10.15"]
[Round "5"]
[White "Barreto Filho, Carlos Alberto"]
[Black "Suardi, Roberto Jr"]
[Result "1/2-1/2"]
[WhiteElo "2346"]
[BlackElo "2197"]
[PlyCount "38"]
[EventDate "2010.10.13"]
[EventType "tourn"]
[EventRounds "10"]
[EventCountry "BRA"]
[EventCategory "3"]
[SourceTitle "EXT 2012"]
[Source "ChessBase"]
[SourceDate "2011.11.24"]
[SourceVersion "1"]
[SourceVersionDate "2011.11.24"]
[SourceQuality "1"]

1. e4 Nf6 2. Nc3 d5 3. e5 d4 4. exf6 dxc3 5. fxg7 cxd2+ 6. Qxd2 Qxd2+ 7. Bxd2 Bxg7 8. 0-0-0 Nc6 9. Bb5 Bd7 10. Nf3 Ne5 11. Bxd7+ Nxd7 12. Rhe1 e6 13. Bf4 0-0-0 14. Ne5 Nxe5 15. Rxd8+ Rxd8 16. Bxe5 Bxe5 17. Rxe5 Rg8 18. g3 Kd7 19. Kd2 f5 1/2-1/2

[Event "Itapetininga Krapf Memorial"]
[Site "Itapetininga"]
[Date "2010.10.14"]
[Round "4"]
[White "Suardi, Roberto Jr"]
[Black "Blit, Jacques"]
[Result "1/2-1/2"]
[WhiteElo "2197"]
[BlackElo "2369"]
[PlyCount "66"]
[EventDate "2010.10.13"]
[EventType "tourn"]
[EventRounds "10"]
[EventCountry "BRA"]
[EventCategory "3"]
[SourceTitle "EXT 2012"]
[Source "ChessBase"]
[SourceDate "2011.11.24"]
[SourceVersion "1"]
[SourceVersionDate "2011.11.24"]
[SourceQuality "1"]

1. Nf3 f5 2. b3 d6 3. e3 Nf6 4. Be2 g6 5. Bb2 Bg7 6. d4 0-0 7. 0-0 Nbd7 8. c4 e5 9. dxe5 Ng4 10. Nc3 Ngxe5 11. Qd2 Nxf3+ 12. Bxf3 Ne5 13. Be2 Be6 14. Rfd1 Qd7 15. Rac1 Rad8 16. Rc2 Qf7 17. Nd5 Bxd5 18. Qxd5 Qxd5 19. Rxd5 Nf7 20. Bxg7 Kxg7 21. g3 Kf6 22. Kg2 c6 23. Rd1 Ke5 24. Rcd2 Rd7 25. f4+ Kf6 26. Bf3 Re8 27. Re1 Rde7 28. Rde2 Nd8 29. Kf2 Ne6 30. Rd2 Rd8 31. e4 fxe4 32. Rxe4 Nc7 33. Red4 Ne8 1/2-1/2

[Event "Itapetininga Krapf Memorial"]
[Site "Itapetininga"]
[Date "2010.10.13"]
[Round "2"]
[White "Perdomo, Leandro Daniel"]
[Black "Suardi, Roberto Jr"]
[Result "1-0"]
[WhiteElo "2387"]
[BlackElo "2197"]
[PlyCount "89"]
[EventDate "2010.10.13"]
[EventType "tourn"]
[EventRounds "10"]
[EventCountry "BRA"]
[EventCategory "3"]
[SourceTitle "EXT 2012"]
[Source "ChessBase"]
[SourceDate "2011.11.24"]
[SourceVersion "1"]
[SourceVersionDate "2011.11.24"]
[SourceQuality "1"]

1. d4 Nf6 2. Nf3 g6 3. c4 Bg7 4. Nc3 d6 5. e4 Bg4 6. Be2 0-0 7. Ng1 Bxe2 8. Ngxe2 e5 9. d5 Nbd7 10. Bg5 h6 11. Bh4 Qc8 12. Qc2 Kh8 13. 0-0-0 a5 14. Kb1 Nc5 15. f3 Ng8 16. Bf2 Na6 17. h4 f5 18. h5 g5 19. a3 Qd7 20. exf5 Qxf5 21. Qxf5 Rxf5 22. Ng3 Rf7 23. Nce4 b6 24. b3 Ne7 25. Kc2 Nf5 26. Nxf5 Rxf5 27. Be3 Kg8 28. Kc3 Rff8 29. b4 Nb8 30. Ra1 Nd7 31. Kd3 Nf6 32. Nxf6+ Bxf6 33. Ke4 Kf7 34. Rhc1 Rfb8 35. Bd2 Ke7 36. Rcb1 a4 37. Be3 Kd7 38. Ra2 Be7 39. Rab2 Rb7 40. c5 bxc5 41. bxc5 Rxb2 42. c6+ Kc8 43. Rxb2 Ra5 44. Rb7 Ra6 45. Ba7 1-0

[Event "Itapetininga Krapf Memorial"]
[Site "Itapetininga"]
[Date "2010.10.13"]
[Round "1"]
[White "Suardi, Roberto Jr"]
[Black "Lebredo Zaragoitia, Gerardo"]
[Result "1/2-1/2"]
[WhiteElo "2197"]
[BlackElo "2249"]
[PlyCount "23"]
[EventDate "2010.10.13"]
[EventType "tourn"]
[EventRounds "10"]
[EventCountry "BRA"]
[EventCategory "3"]
[SourceTitle "EXT 2012"]
[Source "ChessBase"]
[SourceDate "2011.11.24"]
[SourceVersion "1"]
[SourceVersionDate "2011.11.24"]
[SourceQuality "1"]

1. Nf3 Nf6 2. b3 g6 3. Bb2 Bg7 4. e3 c5 5. c4 0-0 6. Be2 b6 7. 0-0 Bb7 8. d4 Ne4 9. Nbd2 d6 10. Nxe4 Bxe4 11. Bd3 Bxd3 12. Qxd3 1/2-1/2

[Event "Assis 1st"]
[Site "Assis"]
[Date "2010.05.29"]
[Round "1.1"]
[White "Van Riemsdijk, Dirk Dagobert"]
[Black "Suardi, Roberto Jr"]
[Result "1/2-1/2"]
[WhiteElo "2179"]
[BlackElo "2140"]
[PlyCount "29"]
[EventDate "2010.05.29"]
[EventType "tourn"]
[EventRounds "14"]
[EventCountry "BRA"]
[SourceTitle "EXT 2022"]
[Source "ChessBase"]
[SourceDate "2021.10.06"]
[SourceVersion "1"]
[SourceVersionDate "2021.10.06"]
[SourceQuality "1"]

1. e4 Nf6 2. Nc3 d5 3. exd5 Nxd5 4. Nxd5 Qxd5 5. Qf3 Qxf3 6. Nxf3 Nc6 7. Bb5 Bd7 8. 0-0 e6 9. d4 Bd6 10. c3 a6 11. Ba4 Na5 12. Bxd7+ Kxd7 13. Re1 Rad8 14. Re2 h6 15. b3 1/2-1/2

[Event "Itapetininga"]
[Site "Itapetininga"]
[Date "2009.09.30"]
[Round "9"]
[White "Quiroga, Facundo"]
[Black "Suardi, Roberto Jr"]
[Result "1/2-1/2"]
[WhiteElo "2335"]
[BlackElo "2126"]
[PlyCount "22"]
[EventDate "2009.09.27"]
[EventType "tourn"]
[EventRounds "10"]
[EventCountry "BRA"]
[SourceTitle "EXT 2010"]
[Source "ChessBase"]
[SourceDate "2010.11.25"]
[SourceVersion "1"]
[SourceVersionDate "2010.11.25"]
[SourceQuality "1"]

1. d4 Nf6 2. c4 c5 3. d5 e5 4. Nc3 d6 5. Nf3 Be7 6. h3 Nbd7 7. e4 Nf8 8. Bd3 Ng6 9. g3 h5 10. h4 a6 11. Ng1 Rb8 1/2-1/2

[Event "Itapetininga"]
[Site "Itapetininga"]
[Date "2009.09.30"]
[Round "4"]
[White "Suardi, Roberto Jr"]
[Black "Quiroga, Facundo"]
[Result "0-1"]
[WhiteElo "2126"]
[BlackElo "2335"]
[PlyCount "86"]
[EventDate "2009.09.27"]
[EventType "tourn"]
[EventRounds "10"]
[EventCountry "BRA"]
[SourceTitle "EXT 2010"]
[Source "ChessBase"]
[SourceDate "2010.11.25"]
[SourceVersion "1"]
[SourceVersionDate "2010.11.25"]
[SourceQuality "1"]

1. Nf3 Nf6 2. b3 d5 3. Bb2 Bg4 4. g3 Bxf3 5. exf3 Nbd7 6. f4 e6 7. Bg2 Bd6 8. 0-0 0-0 9. d3 Re8 10. Nd2 a5 11. c4 c6 12. Nf3 e5 13. fxe5 Nxe5 14. Nxe5 Bxe5 15. Bxe5 Rxe5 16. Re1 Rxe1+ 17. Qxe1 Qb6 18. Qc3 d4 19. Qd2 Qb4 20. Rd1 Re8 21. Bh3 Qxd2 22. Rxd2 Re1+ 23. Kg2 c5 24. Bc8 b6 25. Kf3 Kf8 26. Re2 Rh1 27. h3 Rd1 28. Bf5 g6 29. Be4 Nxe4 30. dxe4 Ke7 31. Kf4 Ke6 32. f3 f6 33. h4 h6 34. Rb2 g5+ 35. hxg5 hxg5+ 36. Kg4 d3 37. f4 d2 38. fxg5 fxg5 39. Kxg5 Ke5 40. a3 Kxe4 41. b4 Kd3 42. bxc5 bxc5 43. g4 Rg1 0-1